Search the Library Catalogue
| 000 -LEADER | |
|---|---|
| fixed length control field | 02329nam a2200181Ia 4500 |
| 008 - FIXED-LENGTH DATA ELEMENTS--GENERAL INFORMATION | |
| fixed length control field | 260225s9999 xx 000 0 und d |
| 020 ## - INTERNATIONAL STANDARD BOOK NUMBER | |
| ISBN | 9780306484858 |
| 082 ## - DEWEY DECIMAL CLASSIFICATION NUMBER | |
| Classification number | 338.74 |
| Item number | ZIN |
| 100 ## - MAIN ENTRY--AUTHOR NAME | |
| Personal name | Zimmer, Annette E. |
| 245 #0 - TITLE STATEMENT | |
| Title | Strategy Mix for Nonprofit Organisations / |
| Statement of responsibility, etc | Zimmer, Annette E.; Stecker, Christina |
| 260 ## - PUBLICATION, DISTRIBUTION, ETC. (IMPRINT) | |
| Name of publisher | Springer, |
| Year of publication | 2004 |
| 300 ## - PHYSICAL DESCRIPTION | |
| Number of Pages | 320 pages |
| 520 ## - SUMMARY, ETC. | |
| Summary, etc | In many countries, particularly in continental Europe, societies have been plagued by high unemployment for several decades. Simultaneously, due to recent shifts from industrial to service-oriented post-industrial societies, labor as a significant culture code is increasingly loosing importance. Because of this, the third or voluntary sector as a place of employment and as a service agency to society has become important for Europe as indicated by the 1997 Communication of the European Commission and various declarations by the European Parliament and the EU's Economic and Social Council. Strategy Mix for Nonprofit Organizations: Vehicles for Social and Labor Market Integration explores the role of the third sector in Europe, where unemployment is high and in North America, where unemployment is rising and exploring the "gaps" that the third sector is fulfilling: both as a social service and as an employer. The volume is organized into two distinctive parts. Part 1: The Nonprofit-Sector and Social Integration highlights the embeddedness of the sector in selected countries; it discusses how the sector is currently affected by changes of public policy particularly in the traditional social-democratic welfare state regimes, and it draws our attention to the sector's potentials to provide avenues for social integration, self-actualization and civic empowerment. Part 2: Labor Concepts and Market Integration refers to the multifunctionality of third sector organizations discussing potentials of workplace as well as community involvement via nonprofit organizations. This seminal volume will be of interest to those in the nonprofit sector, organizational management and economics, political scientists and other researchers working with nonprofit organizations and civil society studies on an international level. |
| 650 ## - SUBJECT ADDED ENTRY--TOPICAL TERM | |
| Topical Term | Social Science |
| 700 ## - ADDED ENTRY--PERSONAL NAME | |
| Personal name | Stecker, Christina |
| 942 ## - ADDED ENTRY ELEMENTS (KOHA) | |
| Koha item type | English Books |
| Withdrawn status | Lost status | Damaged status | Not for loan | Home library | Current library | Shelving location | Date acquired | Full call number | Accession Number | Price effective from | Koha item type |
|---|---|---|---|---|---|---|---|---|---|---|---|
| Anna Centenary Library | Anna Centenary Library | 4TH FLOOR, A WING | 25.02.2026 | 338.74 ZIN | 263537 | 25.02.2026 | English Books |